MDQL
is popping MORE tags! Check the
thread
!
Quizzes
Events
Quiz Creation
Community
Videos
Private Events
Remove Ads
Sign In
Join for FREE
Feedback
Dark Mode
Quiz Categories
Sports
Geography
Music
Movies
Television
Just For Fun
Miscellaneous
History
Literature
Language
Science
Gaming
Entertainment
Religion
Holiday
For Kids
Quiz Lab
Recent
Popular Today
Quiz Kudos Today
Editor Picks
Curator Picks
Quizzes by...
Day
Popularity
Type
Ratings
Length
Year
Community
Subscriptions
Recent Discussions
Orange Saloon
Badges
Playlists
Quests
Create
Leaderboards
Showdown
Live 5
Trivia Bingo
Activity
Puzzle Library
Sporcle Events
Private Events
Virtual Trivia
Globe League
Become a Host
Pub Owners
SporcleCon
Opinionation
Our Games
Videos
Blog
Mobile Apps
Partnerships
Remove Ads and Go Orange
Feedback
Music
Pop Music
The Beatles
Song
Album
Lyrics
Bands
Singers
Artist
Clip
Rock
Rap
Classical
Billboard
Country Music
Kpop
Taylor Swift
Music
Pop Music
The Beatles
Song
Album
Lyrics
Bands
Singers
Artist
Clip
Rock
Rap
Classical
Billboard
Country Music
Kpop
Taylor Swift
Random Quiz
Search Sporcle
×
Quiz Lab
Quiz Lab
Music
Song
Type in answers that appear in a list
Type in answers that appear in a list
Classic
Best Score? Go Orange.
Kenny Chesney songs by opening lines Stats
Can you name the Kenny Chesney songs by opening lines?
By
bbbrittneyyyy
5m
50 Questions
2,376 Plays
2,376 Plays
2,376 Plays
Comments
Comments
Give Quiz Kudos
Give Quiz Kudos
-
- Ratings
hide this ad
Replay
Link that replays current quiz
Next Quiz
Link to next quiz in quiz playlist
You Got
0%
They Got
Avg Score
32%
Avg Friend Score
Upgrade to see
Score Distribution
Jump to the score distribution portion of the page
Score
0/50
Timer
05:00
0
Plays Today
opening lyrics
song titles
% Correct
'summertime is finally here'
summertime
79.4%
'we went out last night. like we swore we wouldn't do'
out last night
71.2%
'well me and my lady had our first big fight'
the good stuff
68.9%
'jack and diane painted a picture of a life in my dreams'
i go back
67.8%
'plowing these fields in the hot summer sun'
she thinks my tractors sexy
64.1%
'we had a dog named bocephus living in the front yard'
keg in the closet
63.8%
'i turned on the evening news, saw an old man being interviewed'
don't blink
63.4%
'all he could think about was i'm too young for this'
there goes my life
62%
'looking back now, well it makes me laugh'
young
61.5%
'staring out into the wild blue yonder'
beer in mexico
61%
'the body's a temple, that's what we're told'
living in fast forward
59.6%
'she was aware of her insecurities as she took the stage'
big star
52.3%
'she's got every quality, from A all the way to Z'
she's got it all
47.5%
'in the town where i was raised'
back where i come from
44.1%
'sun-
tanned toes tickling the sand'
when the sun goes down
43.7%
'preacher told me last sunday morning, son you better start living right'
everybody wants to go to heaven
41%
' i couldn't wait to turn sixteen and drive all the boys around'
never wanted nothing more
39.1%
'there's a blue rocking chair, sitting in the sand'
old blue chair
38.3%
'walking along beneath the moonlights'
anything but mine
37.2%
'i haven't seen you in forever. oh you haven't changed a bit'
don't happen twice
35.6%
'saw a man in the movies that didn't have a heart'
the tin man
35.6%
'i move on like a sinner's prayer'
better as a memory
33.5%
'one word. that's all you said'
you had me from hello
33.2%
'big orange ball, sinking in the water'
how forever feels
32%
'ordinary. no. i really don't think so'
me and you
27.3%
opening lyrics
song titles
% Correct
'ain't nothing out here but me, the road and the radio'
the road and the radio
26.4%
'when i was a boy, four houses down from me'
down the road
25.5%
'every now and then i get a little lost'
you save me
24.7%
'saw him sitting on a sidewalk in fresno'
live those songs
24.5%
'i've been up to my neck working six days a week'
no shoes, no shirt, no problems
24%
'sunny days seem to hurt the most'
who you'd be today
22.8%
'so damn easy to say that life's so hard'
i'm alive
22.3%
'tired of my beeper. tired of my phone.'
guitars and tiki bars
19.6%
'i keep telling myself this is the right thing to do'
what i need to do
17.8%
'i knew i could never hold that girl. she was born to see the world'
on the coast of somewhere beautiful
16.9%
'it was early one morning, playa del carma'
the life
16.5%
'man i could use a pina colada'
be as you are
16.4%
'people always tell me their life story'
freedom
13.8%
'still drunk. still ringing in my head'
got a little crazy
13.3%
'well i ain't had nothing to drink'
that's why i'm here
11.1%
'a little country church on a two lane road'
fall in love
10.5%
'i had a hundred dollar ring in my hand'
if i lost it
9.9%
'he left maine cause he needed a change'
island boy
9.6%
'well i've been lost in this town, even though i know my way around'
in a small town
9.1%
'south of the border, american dollars will take you a long long way'
tequila loves me
8.4%
'i'd spent a lot more time in the pouring rain without an umbrella'
a lot of things different
7.9%
'you know that restaurant on highway one'
i can't go there
6.1%
'same old bedroom floor. same old empty sheets'
somebody take me home
5.6%
'well i opened my heart and i let you in'
i might get over you
2.7%
'darlin' if you think back to the heartbroken past'
life is good
2.3%
Quiz Playlist
Details
Report
Send in Message
Add To Playlist
Classic:
Type in answers that appear in a list
Last Updated: Feb 16, 2017
Quiz Scoreboard
CHALLENGE
Sign Up to Join the Scoreboard
Show All
Scores
Hide
Comments
May contain spoilers
Recently Published
Holiday 10x10 Sorting Gallery
by lukepisani3
Holiday
15m
Two Season TV Shows II
by 123Four
Television
10m
Image Sorting: Flags VI
by Barbecue
Geography
2m
More to Explore
Quiz From the Vault
Featured Blog Post
14 Easter Pick-up Lines to Find Eggs With
hide this ad
You Might Also Like...
Tags
Lyrics Quiz
Song Quiz
Chesney
Kenny
Kenny Chesney
Today's Top Quizzes in Music
Browse Music
hide this ad
Today's Top Quizzes in Song
Browse Song
Top Contributed Quizzes in Music
1
5X2 Blitz: Bands II
2
5X2 Blitz: The Beatles
3
Taylor Swift All Songs (2024)
4
5X2 Blitz: Billboard
5
5X2 Blitz: Billboard II
6
Music Artist by Three 2010s hits
7
5X2 Blitz: Album
8
5X2 Blitz: Rock
9
5X2 Blitz: Singers
10
5X2 Blitz: Lyrics
Explore More
Trending Topics
Disney
Anime
Crossword
Kpop
Marvel
NBA
Harry Potter
Country
The Office
Puzzle
NFL
Pokémon
WWE
Soccer
Song
hide this ad
More By:
bbbrittneyyyy
Quiz
Plays
Rating
Category
Featured
Created
Kenny Chesney songs by opening lines
2,376
3.20
Music
Feb 8, 2010
country songs by first line
128
3.50
Music
Feb 10, 2010
Go to Creator's Profile
Score Distribution
Quiz Creator Spotlight
bbbrittneyyyy
Follow
Send a Message
Quizzes Created
-
Created Quiz Play Count
-
More By This Creator
Popular Quizzes Today
1
Find the US States - No Outlines Minefield
2
Colored Red Africa Blitz
3
Find the 'City' Movie
4
The Countries of the World
5
5x2 Blitz: Bands
6
Find the Countries of Europe - No Outlines Minefield
7
Find the US States
8
US States
More Music Quizzes
Stray Kids Crossword
Quiz Lab
Trending Quizzes
Colored Red Europe Blitz I
Colored Red Africa Blitz II
Colored Red Europe Blitz II
Even More Two Season TV Shows
Colored Red Africa Blitz III
Recently Updated
Quick Pick: 20 Twenties
pecheneg
March Madness Men's Triple Doubles
pecheneg
How Do You Spell That?
pecheneg
Godzilla Movies
pecheneg
Grab Bag: 4-10 Letters
pecheneg
2024 March Madness Bracket
pecheneg
Famous TV Couples
Peacemaker
Champions League XIs: Real Madrid
pecheneg
Largest US Cities 1790-2010
pecheneg
Rides in Walt Disney World
pecheneg
Trending Topics
Kpop
Anime
Crossword
Marvel
NBA
Disney
Harry Potter
Puzzle
Country
Soccer
NFL
Pokémon
WWE
Song
The Office
Your Account Isn't Verified!
In order to create a playlist on Sporcle, you need to verify the email address you used during registration. Go to your
Sporcle Settings
to finish the process.
Report this User
Report this user for behavior that violates our
Community Guidelines
.
Details:
Send Report
Go to the Sporcle.com Mobile Site →
Comments